[Event "2019"]
[Site "?"]
[Date "2019.05.30"]
[Round "3.1"]
[White "Plat, Vojtech"]
[Black "Spitzl, Vinzent"]
[Result "1-0"]
[BlackElo "2263"]
[WhiteElo "2540"]
[LiveChessVersion "1.4.8"]

1. e4 {[%clk 1:30:56]} c6 {[%clk 1:27:45]} 2. d4 {[%clk 1:31:21]} d5
{[%clk 1:28:10]} 3. exd5 {[%clk 1:31:49]} cxd5 {[%clk 1:28:37]} 4. Bd3
{[%clk 1:32:14]} Nc6 {[%clk 1:29:01]} 5. c3 {[%clk 1:32:40]} Qc7 {[%clk 1:29:04]}
6. Ne2 {[%clk 1:33:05]} Bg4 {[%clk 1:28:53]} 7. f3 {[%clk 1:33:31]} Bd7
{[%clk 1:29:19]} 8. Bf4 {[%clk 1:33:55]} e5 {[%clk 1:29:01]} 9. dxe5
{[%clk 1:34:20]} Nxe5 {[%clk 1:29:25]} 10. Bxe5 {[%clk 1:32:54]} Qxe5
{[%clk 1:29:32]} 11. O-O {[%clk 1:33:19]} Bc5+ {[%clk 1:27:35]} 12. Kh1
{[%clk 1:33:29]} Nf6 {[%clk 1:26:48]} 13. Nd4 {[%clk 1:32:44]} O-O
{[%clk 1:24:47]} 14. Re1 {[%clk 1:31:56]} Qd6 {[%clk 1:23:06]} 15. Nd2
{[%clk 1:31:53]} Bb6 {[%clk 1:19:22]} 16. Nf1 {[%clk 1:31:52]} Rfe8
{[%clk 1:09:48]} 17. Qd2 {[%clk 1:32:01]} Bc7 {[%clk 1:09:13]} 18. g3
{[%clk 1:29:57]} Rxe1 {[%clk 1:05:19]} 19. Rxe1 {[%clk 1:30:25]} Re8
{[%clk 1:05:22]} 20. Rxe8+ {[%clk 1:30:47]} Nxe8 {[%clk 1:05:32]} 21. Ne3
{[%clk 1:29:04]} g6 {[%clk 1:05:23]} 22. Bb5 {[%clk 1:28:05]} Bc6
{[%clk 1:02:07]} 23. Qe2 {[%clk 1:25:01]} Kf8 {[%clk 0:55:19]} 24. a4
{[%clk 1:21:18]} Bb6 {[%clk 0:53:53]} 25. Nec2 {[%clk 1:20:51]} Nc7
{[%clk 0:52:44]} 26. Bxc6 {[%clk 1:18:16]} bxc6 {[%clk 0:53:03]} 27. Nb3
{[%clk 1:18:36]} Ne6 {[%clk 0:50:11]} 28. a5 {[%clk 1:17:24]} Bc5
{[%clk 0:48:29]} 29. Kg2 {[%clk 1:13:40]} h5 {[%clk 0:37:42]} 30. Qd2
{[%clk 1:11:35]} Qe5 {[%clk 0:34:07]} 31. Nxc5 {[%clk 1:11:26]} Nxc5
{[%clk 0:34:29]} 32. Nd4 {[%clk 1:11:18]} Qd6 {[%clk 0:34:12]} 33. Qf4
{[%clk 1:08:43]} Ke7 {[%clk 0:34:20]} 34. Qe3+ {[%clk 1:09:05]} Kf8
{[%clk 0:28:54]} 35. b4 {[%clk 1:06:30]} Nd7 {[%clk 0:29:14]} 36. Qh6+
{[%clk 1:02:20]} Ke7 {[%clk 0:27:39]} 37. b5 {[%clk 0:59:56]} cxb5
{[%clk 0:27:25]} 38. Qg5+ {[%clk 0:59:48]} Kf8 {[%clk 0:24:00]} 39. Nxb5
{[%clk 0:58:27]} Qe6 {[%clk 0:20:35]} 40. Nd4 {[%clk 0:58:19]} Qd6
{[%clk 0:20:46]} 41. Qd8+ {[%clk 0:58:25]} Kg7 {[%clk 0:21:12]} 42. a6
{[%clk 0:58:04]} f6 {[%clk 0:20:01]} 43. Kf2 {[%clk 0:55:40]} Kf7
{[%clk 0:18:53]} 44. Qa8 {[%clk 0:54:18]} Qc5 {[%clk 0:18:09]} 45. Kg2
{[%clk 0:54:41]} Ke7 {[%clk 0:15:40]} 46. Qg8 {[%clk 0:50:48]} Qxc3
{[%clk 0:12:06]} 47. Qg7+ {[%clk 0:51:14]} Kd8 {[%clk 0:12:31]} 48. Ne6+
{[%clk 0:51:40]} Ke8 {[%clk 0:12:54]} 49. Qxg6+ {[%clk 0:52:08]} Ke7
{[%clk 0:13:16]} 50. Nf4 Kd6 {[%clk 0:10:36]} 51. Qxh5 {[%clk 0:50:14]} Ne5
{[%clk 0:10:15]} 52. Qf5 {[%clk 0:47:09]} Qxf3+ {[%clk 0:06:23]} 53. Kh3
{[%clk 0:47:38]} Kc5 {[%clk 0:05:46]} 54. Kh4 {[%clk 0:45:36]} Qe4
{[%clk 0:03:35]} 55. Qxf6 {[%clk 0:40:35]} Qh7+ {[%clk 0:03:17]} 56. Nh5
{[%clk 0:40:36]} Qe4+ {[%clk 0:03:16]} 57. Kg5 {[%clk 0:38:48]} Nf3+
{[%clk 0:03:14]} 58. Kh6 {[%clk 0:39:13]} Qe3+ {[%clk 0:00:53]} 59. Nf4
{[%clk 0:39:37]} Nxh2 {[%clk 0:00:32]} 60. Qg5 {[%clk 0:34:32]} Qe4
{[%clk 0:14:28]} 61. Qg7 {[%clk 0:49:26]} Qf5 {[%clk 0:09:25]} 62. Qxa7+
{[%clk 0:47:09]} Kb5 {[%clk 0:09:48]} 63. Qb7+ {[%clk 0:47:29]} Ka5
{[%clk 0:10:09]} 64. a7 {[%clk 0:45:07]} Ng4+ {[%clk 0:10:34]} 65. Kg7
{[%clk 0:45:35]} Qf6+ {[%clk 0:09:47]} 66. Kg8 {[%clk 0:45:17]} Qd8+
{[%clk 0:09:51]} 67. Kh7 {[%clk 0:45:29]} 1-0

[Event "2019"]
[Site "?"]
[Date "2019.05.30"]
[Round "3.7"]
[White "Grosshans, Ralf-Michael"]
[Black "Laznicka, Viktor"]
[Result "0-1"]
[BlackElo "2660"]
[WhiteElo "2128"]
[LiveChessVersion "1.4.8"]

1. e4 {[%clk 1:30:57]} c5 {[%clk 1:27:22]} 2. Nc3 {[%clk 1:31:17]} Nc6
{[%clk 1:27:35]} 3. f4 {[%clk 1:31:38]} e6 {[%clk 1:27:50]} 4. Nf3
{[%clk 1:31:53]} a6 {[%clk 1:27:54]} 5. g3 {[%clk 1:31:07]} d5 {[%clk 1:28:10]}
6. d3 {[%clk 1:31:13]} Nf6 {[%clk 1:28:06]} 7. Bg2 {[%clk 1:28:08]} Be7
{[%clk 1:28:26]} 8. e5 {[%clk 1:19:37]} Nd7 {[%clk 1:28:39]} 9. h4
{[%clk 1:15:21]} b5 {[%clk 1:27:01]} 10. Ne2 {[%clk 1:10:37]} Qb6
{[%clk 1:26:56]} 11. d4 {[%clk 1:06:41]} a5 {[%clk 1:27:03]} 12. c3
{[%clk 1:04:59]} f5 {[%clk 1:24:09]} 13. a4 {[%clk 0:58:31]} Ba6 {[%clk 1:24:13]}
14. axb5 {[%clk 0:56:36]} Qxb5 {[%clk 1:23:40]} 15. Bf1 {[%clk 0:44:53]} Qb6
{[%clk 1:23:13]} 16. Rh2 {[%clk 0:37:42]} O-O {[%clk 1:23:24]} 17. Neg1
{[%clk 0:34:00]} cxd4 {[%clk 1:23:08]} 18. Bxa6 {[%clk 0:31:03]} Qxa6
{[%clk 1:22:52]} 19. cxd4 {[%clk 0:28:31]} Nb4 {[%clk 1:23:10]} 20. Ne2
{[%clk 0:24:46]} Nd3+ {[%clk 1:19:55]} 21. Kf1 {[%clk 0:23:42]} Rfb8
{[%clk 1:20:19]} 22. Ne1 {[%clk 0:16:29]} Nxb2 {[%clk 1:19:56]} 23. Bxb2
{[%clk 0:16:58]} Rxb2 {[%clk 1:20:18]} 24. Nd3 {[%clk 0:17:22]} Rb7
{[%clk 1:20:31]} 25. Nec1 {[%clk 0:11:35]} a4 {[%clk 1:18:57]} 26. Rha2
{[%clk 0:10:51]} a3 {[%clk 1:19:20]} 27. Kg2 {[%clk 0:10:45]} Rab8
{[%clk 1:14:30]} 28. g4 {[%clk 0:08:26]} Nf8 {[%clk 1:04:23]} 29. Kh3
{[%clk 0:04:50]} Qc4 {[%clk 1:03:40]} 30. gxf5 {[%clk 0:04:09]} exf5
{[%clk 1:04:01]} 31. Nc5 {[%clk 0:04:29]} Bxc5 {[%clk 1:03:30]} 32. dxc5
{[%clk 0:04:58]} Ne6 {[%clk 0:59:27]} 33. Nd3 {[%clk 0:05:26]} Qxd3+
{[%clk 0:58:39]} 0-1

[Event "2019"]
[Site "?"]
[Date "2019.05.30"]
[Round "3.19"]
[White "Promyshlyanskiy, Vitaliy"]
[Black "Minor, Viatcheslav"]
[Result "1-0"]
[BlackElo "2032"]
[WhiteElo "2282"]
[LiveChessVersion "1.4.8"]

1. e4 {[%clk 1:29:56]} e6 {[%clk 1:30:44]} 2. d4 {[%clk 1:30:18]} d5
{[%clk 1:31:07]} 3. Nd2 {[%clk 1:30:39]} c5 {[%clk 1:31:13]} 4. exd5
{[%clk 1:31:00]} Qxd5 {[%clk 1:31:35]} 5. Ngf3 {[%clk 1:30:46]} cxd4
{[%clk 1:31:58]} 6. Bc4 {[%clk 1:31:03]} Qd6 {[%clk 1:32:15]} 7. O-O
{[%clk 1:31:02]} Nf6 {[%clk 1:32:38]} 8. Nb3 {[%clk 1:29:42]} Nc6
{[%clk 1:33:00]} 9. Nbxd4 {[%clk 1:29:47]} Nxd4 {[%clk 1:33:22]} 10. Nxd4
{[%clk 1:30:07]} a6 {[%clk 1:33:43]} 11. Re1 {[%clk 1:27:53]} Qc7
{[%clk 1:33:47]} 12. Qe2 {[%clk 1:26:30]} Bd6 {[%clk 1:34:02]} 13. Bg5
{[%clk 1:22:47]} O-O {[%clk 1:32:20]} 14. Bd3 {[%clk 1:20:56]} Nd5
{[%clk 1:29:04]} 15. g3 {[%clk 1:19:22]} b5 {[%clk 1:25:25]} 16. c3
{[%clk 0:58:27]} Bb7 {[%clk 1:22:26]} 17. a4 {[%clk 0:50:06]} b4 {[%clk 1:20:52]}
18. c4 {[%clk 0:50:04]} Nb6 {[%clk 1:17:37]} 19. Qh5 {[%clk 0:46:47]} g6
{[%clk 1:17:06]} 20. Qh4 {[%clk 0:42:59]} Rfe8 {[%clk 1:14:11]} 21. b3
{[%clk 0:28:10]} Nd7 {[%clk 1:10:03]} 22. Be4 {[%clk 0:25:57]} Nc5
{[%clk 1:08:06]} 23. Bxb7 {[%clk 0:26:06]} Qxb7 {[%clk 1:08:14]} 24. Re3
{[%clk 0:25:45]} e5 {[%clk 1:04:28]} 25. Rae1 {[%clk 0:21:19]} Qd7
{[%clk 0:54:49]} 26. Nc2 {[%clk 0:21:28]} Rab8 {[%clk 0:52:38]} 27. Rd1
{[%clk 0:15:19]} Qc7 {[%clk 0:46:35]} 28. g4 {[%clk 0:12:57]} Bf8
{[%clk 0:29:53]} 29. Rh3 {[%clk 0:11:29]} f6 {[%clk 0:20:31]} 30. Bxf6
{[%clk 0:11:44]} Ne4 {[%clk 0:19:51]} 31. Ne3 {[%clk 0:10:49]} Re6
{[%clk 0:18:16]} 32. Nd5 {[%clk 0:09:51]} Qa7 {[%clk 0:15:48]} 33. g5
{[%clk 0:09:50]} Nxf2 {[%clk 0:15:58]} 34. Qxf2 {[%clk 0:07:38]} Bc5
{[%clk 0:15:56]} 35. Ne3 {[%clk 0:07:50]} Rf8 {[%clk 0:13:28]} 36. Kg2
{[%clk 0:07:04]} Qb6 {[%clk 0:11:43]} 37. Qh4 {[%clk 0:06:17]} Qb7+
{[%clk 0:11:05]} 38. Rd5 {[%clk 0:05:29]} Rf7 {[%clk 0:11:12]} 39. Qe4
{[%clk 0:05:23]} Re8 {[%clk 0:11:31]} 40. Ng4 {[%clk 0:04:59]} Bf8
{[%clk 0:11:19]} 41. Re3 Bd6 42. Rd1 1-0

[Event "2019"]
[Site "?"]
[Date "2019.05.30"]
[Round "3.24"]
[White "Schnicke, Robert"]
[Black "Rempeli, Alex"]
[Result "1/2-1/2"]
[BlackElo "2016"]
[WhiteElo "2127"]
[LiveChessVersion "1.4.8"]

1. e4 {[%clk 1:30:56]} e6 {[%clk 1:30:52]} 2. d4 {[%clk 1:31:19]} d5
{[%clk 1:31:16]} 3. Nc3 {[%clk 1:31:42]} Nf6 {[%clk 1:31:34]} 4. e5
{[%clk 1:30:19]} Nfd7 {[%clk 1:31:53]} 5. Nce2 {[%clk 1:30:39]} c5
{[%clk 1:32:00]} 6. c3 {[%clk 1:30:47]} Nc6 {[%clk 1:32:05]} 7. f4
{[%clk 1:30:56]} Qb6 {[%clk 1:30:54]} 8. Nf3 {[%clk 1:30:44]} f6 {[%clk 1:29:07]}
9. f5 {[%clk 1:19:41]} cxd4 {[%clk 1:23:20]} 10. cxd4 {[%clk 1:09:03]} fxe5
{[%clk 1:12:58]} 11. fxe6 {[%clk 1:08:01]} Nf6 {[%clk 1:12:24]} 12. Nxe5
{[%clk 1:03:42]} Bb4+ {[%clk 1:05:31]} 13. Bd2 {[%clk 1:01:23]} Ne4
{[%clk 0:52:15]} 14. Bxb4 {[%clk 1:01:19]} Qxb4+ {[%clk 0:47:37]} 15. Nc3
{[%clk 1:01:41]} Nxe5 {[%clk 0:41:11]} 16. Qh5+ {[%clk 1:00:50]} Ng6
{[%clk 0:40:02]} 17. Bb5+ {[%clk 1:01:03]} Ke7 {[%clk 0:38:23]} 18. O-O
{[%clk 0:54:18]} Qxd4+ {[%clk 0:25:57]} 19. Kh1 {[%clk 0:54:40]} Bxe6
{[%clk 0:26:03]} 20. Nxe4 {[%clk 0:54:19]} Qxe4 {[%clk 0:18:36]} 21. Rae1
{[%clk 0:54:14]} Qd4 {[%clk 0:13:44]} 22. Qh3 {[%clk 0:31:04]} Qb6
{[%clk 0:13:05]} 23. Qa3+ {[%clk 0:30:22]} Kd8 {[%clk 0:09:40]} 24. Bd3
{[%clk 0:30:35]} Re8 {[%clk 0:08:06]} 25. Bxg6 {[%clk 0:29:03]} hxg6
{[%clk 0:08:05]} 26. Qg3 {[%clk 0:24:05]} Bf5 {[%clk 0:04:12]} 27. Rxe8+
{[%clk 0:24:09]} Kxe8 {[%clk 0:04:35]} 28. Qe5+ {[%clk 0:24:11]} Qe6
{[%clk 0:03:39]} 29. Rxf5 {[%clk 0:23:57]} Qxe5 {[%clk 0:03:29]} 30. Rxe5+
{[%clk 0:24:18]} Kf7 {[%clk 0:03:56]} 31. Rxd5 {[%clk 0:24:37]} Rc8
{[%clk 0:03:44]} 32. h3 {[%clk 0:24:40]} Ke6 {[%clk 0:03:33]} 33. Rb5
{[%clk 0:24:13]} b6 {[%clk 0:02:56]} 34. Kh2 {[%clk 0:23:27]} Kf6
{[%clk 0:01:58]} 35. Kg3 {[%clk 0:21:44]} Rc2 {[%clk 0:01:32]} 36. Kf3
{[%clk 0:20:04]} Rd2 {[%clk 0:01:18]} 37. a4 {[%clk 0:19:10]} g5 {[%clk 0:01:22]}
38. b3 {[%clk 0:12:54]} Rb2 {[%clk 0:01:15]} 39. g3 {[%clk 0:12:33]} Rd2
{[%clk 0:01:21]} 40. b4 {[%clk 0:08:19]} Rd3+ {[%clk 0:01:27]} 1/2-1/2

[Event "2019"]
[Site "?"]
[Date "2019.05.31"]
[Round "4.1"]
[White "Scholz, Christian"]
[Black "Plat, Vojtech"]
[Result "1/2-1/2"]
[WhiteElo "2372"]
[BlackElo "2540"]
[PlyCount "38"]
[EventDate "2019.??.??"]

1. d4 Nf6 2. c4 g6 3. Nc3 d5 4. Bf4 Bg7 5. e3 O-O 6. Rc1 c5 7. dxc5 Qa5 8. cxd5
Ne4 9. Nge2 Nxc5 10. a3 Ne4 11. Qa4 Qxa4 12. Nxa4 Bd7 13. Nec3 Rc8 14. Bd3 g5
15. Bxb8 Nxc3 16. Nxc3 Raxb8 17. Kd2 Rc5 18. Be4 f5 19. Bb1 Bxc3+ 1/2-1/2

[Event "2019"]
[Site "?"]
[Date "2019.05.31"]
[Round "4.4"]
[White "Laznicka, Viktor"]
[Black "Kues, Jarl-Hendrik"]
[Result "1-0"]
[WhiteElo "2660"]
[BlackElo "2137"]
[PlyCount "43"]
[EventDate "2019.??.??"]

1. d4 Nf6 2. c4 c5 3. d5 b5 4. cxb5 a6 5. bxa6 g6 6. Nc3 Bxa6 7. Nf3 Bg7 8. e4
Bxf1 9. Kxf1 d6 10. g3 O-O 11. Kg2 Nbd7 12. a4 Ra6 13. Qc2 Qa8 14. Ra3 Rc8 15.
Rd1 c4 16. Be3 Nc5 17. Bxc5 Rxc5 18. Nd4 Ng4 19. Nc6 Qb7 20. Rb1 Rcxc6 21. dxc6
Qxc6 22. Nd5 1-0

[Event "2019"]
[Site "?"]
[Date "2019.05.31"]
[Round "4.9"]
[White "Becker, Tobias"]
[Black "Hirneise, Jens"]
[Result "1/2-1/2"]
[WhiteElo "2019"]
[BlackElo "2375"]
[PlyCount "161"]
[EventDate "2019.??.??"]

1. d4 Nf6 2. Nf3 g6 3. Bg5 Bg7 4. Nbd2 c5 5. e3 cxd4 6. exd4 O-O 7. c3 d6 8.
Bc4 Qc7 9. O-O Nc6 10. Re1 Rb8 11. a4 e5 12. Bxf6 Bxf6 13. Ne4 Be7 14. d5 Na5
15. Ba2 Bg4 16. Ned2 b6 17. h3 Bxf3 18. Qxf3 Kg7 19. Qe3 f5 20. f4 Bf6 21. g3
Rbe8 22. Qd3 exf4 23. gxf4 Qc5+ 24. Kg2 Bh4 25. Re2 Nb7 26. Rf1 Qc8 27. Nb3
Rxe2+ 28. Qxe2 Re8 29. Qa6 Nc5 30. Qxc8 Rxc8 31. Nxc5 bxc5 32. Bc4 Re8 33. Kf3
Re4 34. Bb5 a5 35. Rg1 h6 36. Rg2 Re1 37. Re2 Rf1+ 38. Kg2 Rxf4 39. Re6 Rf2+
40. Kg1 Rxb2 41. Rxd6 f4 42. Ra6 f3 43. d6 Rg2+ 44. Kf1 Rd2 45. Kg1 Bf2+ 46.
Kh2 Bh4+ 47. Kg1 Bg3 48. d7 Rd1+ 49. Bf1 Rxd7 50. Rxa5 Rd2 51. Ra6 Bf2+ 52. Kh2
Bh4+ 53. Kg1 g5 54. Re6 Bf2+ 55. Kh2 Bh4+ 56. Kg1 h5 57. a5 Bf2+ 58. Kh2 h4 59.
Re7+ Kf6 60. Re8 Be3+ 61. Kh1 Bf4 62. Kg1 Bh2+ 63. Kh1 Bf4 64. Kg1 Ra2 65. a6
Bh2+ 66. Kh1 Bd6 67. Kg1 Kf5 68. Bc4 Ra4 69. Bb5 Ra5 70. Bd3+ Kf4 71. Re4+ Kg3
72. Rg4+ Kxh3 73. Rxg5 f2+ 74. Kxf2 Ra2+ 75. Kg1 Bh2+ 76. Kf1 Bg3 77. Kg1 Bf2+
78. Kf1 Bg3 79. Kg1 Bf2+ 80. Kf1 Bg3 81. Kg1 1/2-1/2

[Event "2019"]
[Site "?"]
[Date "2019.05.31"]
[Round "4.16"]
[White "Ruffenach, Alain"]
[Black "Ammon, Tobias"]
[Result "0-1"]
[WhiteElo "1936"]
[BlackElo "2151"]
[PlyCount "108"]
[EventDate "2019.??.??"]

1. d4 d5 2. Nf3 c6 3. e3 Bf5 4. Bd3 Bxd3 5. Qxd3 Nf6 6. c4 e6 7. O-O Bd6 8. Nc3
Nbd7 9. e4 dxe4 10. Nxe4 Nxe4 11. Qxe4 Nf6 12. Qe2 O-O 13. Bg5 Be7 14. Rfd1 Re8
15. Rd3 Nd7 16. h4 h6 17. Bd2 Bxh4 18. Nxh4 Qxh4 19. Rh3 Qf6 20. Qg4 Kh7 21.
Rf3 Qg6 22. Qh4 Nf6 23. Rg3 Qh5 24. Qf4 e5 25. dxe5 Qxe5 26. Rxg7+ Kxg7 27.
Qxh6+ Kg8 28. Bc3 Ng4 29. Qh4 Qh2+ 30. Qxh2 Nxh2 31. Kxh2 Kh7 32. Kg3 Rad8 33.
Rh1+ Kg6 34. Rh4 f5 35. Bd4 Re4 36. Rxe4 fxe4 37. Bxa7 Kf5 38. Be3 Rg8+ 39. Kh3
Rh8+ 40. Kg3 Ra8 41. a3 Ra4 42. c5 Rc4 43. Kh4 Rc2 44. Kh5 Rxb2 45. g4+ Ke6 46.
g5 Rb3 47. Kh6 Rxa3 48. g6 Ra1 49. Kh7 Rg1 50. f4 Rg3 51. Bd4 e3 52. f5+ Kxf5
53. g7 Ke4 54. Bf6 e2 0-1

[Event "2019"]
[Site "?"]
[Date "2019.06.01"]
[Round "5.1"]
[White "Laznicka, Viktor"]
[Black "Hacker, Jonas"]
[Result "1-0"]
[BlackElo "2386"]
[WhiteElo "2660"]
[LiveChessVersion "1.4.8"]

1. d4 {[%clk 1:23:17]} d5 {[%clk 1:30:52]} 2. c4 {[%clk 1:23:42]} e6
{[%clk 1:31:18]} 3. Nf3 {[%clk 1:23:54]} Nf6 {[%clk 1:31:42]} 4. g3
{[%clk 1:23:22]} Bb4+ {[%clk 1:31:56]} 5. Bd2 {[%clk 1:23:47]} Bd6
{[%clk 1:32:15]} 6. Bg2 {[%clk 1:23:08]} c6 {[%clk 1:32:18]} 7. Qc2
{[%clk 1:23:27]} Nbd7 {[%clk 1:29:24]} 8. O-O {[%clk 1:23:22]} O-O
{[%clk 1:29:15]} 9. Rd1 {[%clk 1:23:29]} Ne4 {[%clk 1:27:50]} 10. Be1
{[%clk 1:21:16]} f5 {[%clk 1:25:15]} 11. b4 {[%clk 1:20:57]} b5 {[%clk 1:15:21]}
12. c5 {[%clk 1:21:09]} Bc7 {[%clk 1:14:12]} 13. a4 {[%clk 1:21:36]} Ba6
{[%clk 1:13:57]} 14. Na3 {[%clk 1:01:08]} bxa4 {[%clk 1:12:28]} 15. Qxa4
{[%clk 1:00:04]} Bxe2 {[%clk 1:11:08]} 16. Qxc6 {[%clk 1:00:31]} Bxd1
{[%clk 1:07:11]} 17. Qxe6+ {[%clk 0:50:47]} Rf7 {[%clk 0:57:27]} 18. Rxd1
{[%clk 0:51:13]} Nf8 {[%clk 0:56:05]} 19. Qa6 {[%clk 0:51:34]} Rf6
{[%clk 0:51:57]} 20. Qd3 {[%clk 0:51:44]} a6 {[%clk 0:50:08]} 21. Ne5
{[%clk 0:47:34]} Ne6 {[%clk 0:38:36]} 22. f3 {[%clk 0:45:52]} N4g5
{[%clk 0:37:09]} 23. h4 {[%clk 0:46:01]} Nf7 {[%clk 0:33:51]} 24. f4
{[%clk 0:46:27]} Bb8 {[%clk 0:29:50]} 25. Nc2 {[%clk 0:44:04]} Nc7
{[%clk 0:27:16]} 26. Ne3 {[%clk 0:43:48]} Nh6 {[%clk 0:27:37]} 27. Nxd5
{[%clk 0:35:19]} Nxd5 {[%clk 0:27:58]} 28. Qb3 {[%clk 0:35:44]} Kh8
{[%clk 0:27:14]} 29. Bxd5 {[%clk 0:34:01]} 1-0

[Event "2019"]
[Site "?"]
[Date "2019.06.01"]
[Round "5.20"]
[White "Haselbeck, Franz"]
[Black "Kunath, Tim"]
[Result "1/2-1/2"]
[BlackElo "2103"]
[WhiteElo "1867"]
[LiveChessVersion "1.4.8"]

1. Nf3 {[%clk 1:30:57]} Nf6 {[%clk 1:30:42]} 2. g3 {[%clk 1:31:05]} b5
{[%clk 1:29:48]} 3. Bg2 {[%clk 1:30:49]} Bb7 {[%clk 1:26:57]} 4. O-O
{[%clk 1:31:05]} e6 {[%clk 1:27:12]} 5. a4 {[%clk 1:31:18]} b4 {[%clk 1:21:12]}
6. d3 {[%clk 1:31:21]} Be7 {[%clk 1:21:11]} 7. e4 {[%clk 1:31:32]} O-O
{[%clk 1:21:29]} 8. e5 {[%clk 1:25:16]} Ne8 {[%clk 1:21:47]} 9. Nbd2
{[%clk 1:24:55]} d6 {[%clk 1:21:08]} 10. Nc4 {[%clk 1:24:42]} a5 {[%clk 1:13:29]}
11. Be3 {[%clk 1:17:08]} Nd7 {[%clk 1:12:06]} 12. Re1 {[%clk 1:04:47]} Ra6
{[%clk 0:58:26]} 13. Qe2 {[%clk 1:02:21]} Bxf3 {[%clk 0:51:41]} 14. Bxf3
{[%clk 1:02:20]} d5 {[%clk 0:52:03]} 15. Nd2 {[%clk 1:00:53]} Nxe5
{[%clk 0:51:57]} 16. Bg2 {[%clk 0:54:29]} Ng6 {[%clk 0:45:30]} 17. d4
{[%clk 0:53:02]} Rb6 {[%clk 0:39:24]} 18. Nb3 {[%clk 0:50:22]} Qa8
{[%clk 0:38:50]} 19. h4 {[%clk 0:50:04]} Bd6 {[%clk 0:35:11]} 20. h5
{[%clk 0:48:18]} Ne7 {[%clk 0:35:33]} 21. h6 {[%clk 0:43:32]} Nf5
{[%clk 0:31:07]} 22. hxg7 {[%clk 0:41:43]} Nexg7 {[%clk 0:31:33]} 23. Bg5
{[%clk 0:34:22]} Be7 {[%clk 0:31:20]} 24. Bxe7 {[%clk 0:33:05]} Nxe7
{[%clk 0:31:46]} 25. Nc5 {[%clk 0:33:10]} Qd8 {[%clk 0:31:11]} 26. Qg4
{[%clk 0:32:09]} Ng6 {[%clk 0:30:15]} 27. f4 {[%clk 0:31:35]} Nf5
{[%clk 0:27:54]} 28. Rad1 {[%clk 0:30:23]} Qd6 {[%clk 0:27:23]} 29. Nb3
{[%clk 0:29:19]} Rc6 {[%clk 0:25:48]} 30. Rd2 {[%clk 0:28:18]} Rc4
{[%clk 0:25:57]} 31. Bf1 {[%clk 0:27:44]} Qb6 {[%clk 0:19:52]} 32. Bxc4
{[%clk 0:24:41]} dxc4 {[%clk 0:20:16]} 33. Nc5 {[%clk 0:18:23]} c3
{[%clk 0:10:26]} 34. bxc3 {[%clk 0:17:34]} bxc3 {[%clk 0:10:55]} 35. Rf2
{[%clk 0:17:05]} Rd8 {[%clk 0:10:51]} 36. Ne4 {[%clk 0:11:19]} Rxd4
{[%clk 0:08:35]} 37. Nf6+ {[%clk 0:11:40]} Kg7 {[%clk 0:08:41]} 38. Nh5+
{[%clk 0:11:53]} Kg8 1/2-1/2

[Event "2019"]
[Site "?"]
[Date "2019.06.01"]
[Round "5.26"]
[White "Miettinen, Teemu"]
[Black "Sukaylo, Aleksey"]
[Result "0-1"]
[BlackElo "2097"]
[WhiteElo "2017"]
[LiveChessVersion "1.4.8"]

1. e4 {[%clk 1:30:59]} e5 {[%clk 1:30:54]} 2. Nf3 {[%clk 1:31:24]} Nc6
{[%clk 1:31:19]} 3. d4 {[%clk 1:31:51]} exd4 {[%clk 1:31:45]} 4. Nxd4
{[%clk 1:32:19]} Nf6 {[%clk 1:32:00]} 5. Nc3 {[%clk 1:31:49]} Bb4
{[%clk 1:32:21]} 6. Nxc6 {[%clk 1:32:06]} bxc6 {[%clk 1:32:45]} 7. Bd3
{[%clk 1:32:28]} d5 {[%clk 1:33:07]} 8. exd5 {[%clk 1:32:54]} Qe7+
{[%clk 1:33:24]} 9. Qe2 {[%clk 1:33:19]} Qxe2+ {[%clk 1:33:43]} 10. Kxe2
{[%clk 1:32:28]} cxd5 {[%clk 1:28:21]} 11. Nb5 {[%clk 1:24:57]} Kd8
{[%clk 1:28:37]} 12. Bf4 {[%clk 1:23:49]} Re8+ {[%clk 1:13:44]} 13. Kd1
{[%clk 1:21:16]} Ba5 {[%clk 1:13:48]} 14. b4 {[%clk 1:15:32]} Bb6
{[%clk 1:09:15]} 15. c4 {[%clk 1:09:57]} dxc4 {[%clk 1:03:41]} 16. Bxc4
{[%clk 1:10:14]} Re4 {[%clk 1:02:39]} 17. Bxc7+ {[%clk 0:54:11]} Bxc7
{[%clk 1:02:50]} 18. Nxc7 {[%clk 0:54:22]} Kxc7 {[%clk 1:02:24]} 19. Bxf7
{[%clk 0:51:49]} Ba6 {[%clk 1:01:21]} 20. Rb1 {[%clk 0:43:46]} Rd8+
{[%clk 1:00:32]} 21. Kc1 {[%clk 0:44:15]} Re2 {[%clk 1:00:16]} 22. b5
{[%clk 0:43:36]} Bb7 {[%clk 1:00:32]} 23. Rb3 {[%clk 0:39:41]} Rxf2
{[%clk 0:58:52]} 24. Re1 {[%clk 0:40:09]} Be4 {[%clk 0:57:32]} 25. Rc3+
{[%clk 0:39:36]} Kb8 {[%clk 0:57:37]} 26. a4 {[%clk 0:39:24]} Rdd2
{[%clk 0:57:08]} 27. Bb3 {[%clk 0:39:52]} Rb2 {[%clk 0:56:35]} 28. h3
{[%clk 0:38:32]} Rb1# {[%clk 0:56:18]} 0-1

[Event "2019"]
[Site "?"]
[Date "2019.06.01"]
[Round "6.1"]
[White "Pacher, Milan"]
[Black "Laznicka, Viktor"]
[Result "1/2-1/2"]
[BlackElo "2660"]
[WhiteElo "2396"]
[LiveChessVersion "1.4.8"]

1. e4 {[%clk 1:30:57]} d5 {[%clk 1:30:48]} 2. exd5 {[%clk 1:31:11]} Qxd5
{[%clk 1:31:14]} 3. Nc3 {[%clk 1:31:20]} Qa5 {[%clk 1:31:39]} 4. d4
{[%clk 1:30:34]} Nf6 {[%clk 1:32:05]} 5. Nf3 {[%clk 1:30:59]} Bf5
{[%clk 1:30:32]} 6. Ne5 {[%clk 1:29:57]} c6 {[%clk 1:30:51]} 7. g4
{[%clk 1:28:42]} Be6 {[%clk 1:30:36]} 8. Bg2 {[%clk 1:23:05]} Nbd7
{[%clk 1:16:29]} 9. Nxd7 {[%clk 1:22:45]} Bxd7 {[%clk 1:15:04]} 10. g5
{[%clk 1:22:12]} Nd5 {[%clk 1:15:18]} 11. O-O {[%clk 1:21:24]} Nxc3
{[%clk 1:15:05]} 12. bxc3 {[%clk 1:21:52]} e6 {[%clk 1:15:26]} 13. Rb1
{[%clk 1:21:22]} b6 {[%clk 1:11:54]} 14. c4 {[%clk 1:18:56]} Be7 {[%clk 1:06:32]}
15. d5 {[%clk 1:18:12]} cxd5 {[%clk 0:54:06]} 16. cxd5 {[%clk 1:18:18]} Rc8
{[%clk 0:45:27]} 17. Rb3 {[%clk 1:10:32]} O-O {[%clk 0:36:33]} 18. Bb2
{[%clk 1:08:29]} Rfd8 {[%clk 0:27:19]} 19. Be4 {[%clk 1:01:02]} Rc4
{[%clk 0:22:36]} 20. Bxh7+ {[%clk 0:58:32]} Kf8 {[%clk 0:22:51]} 21. Qh5
{[%clk 0:56:36]} Qxd5 {[%clk 0:20:14]} 22. Bf5 {[%clk 0:55:19]} Ke8
{[%clk 0:08:30]} 23. Qh8+ {[%clk 0:50:46]} Bf8 {[%clk 0:08:56]} 24. Bxg7
{[%clk 0:51:10]} Qc5 {[%clk 0:06:54]} 25. Re1 {[%clk 0:17:36]} Rf4
{[%clk 0:06:44]} 26. Qxf8+ {[%clk 0:16:18]} Qxf8 {[%clk 0:05:23]} 27. Bxf8
{[%clk 0:16:46]} Rxf5 {[%clk 0:04:53]} 1/2-1/2